000 00372nam a2200133Ia 4500
005 20260326235449.0
008 260326s9999||||xx |||||||||||||| ||und||
100 _aL'Architecture D' Aujourd' Hui
245 0 _aTourisme-Loisirs /
_cL'Architecture D' Aujourd' Hui
260 _bL'Architecture D'Aujourd' Hui
300 _a112 p.
650 _aARQUITECTURA CIVIL
942 _cBK
999 _c7698
_d7698